Football players who have played for Chelsea and Porto - Statistics

General Stats
  • This quiz has been taken 494 times
    48 since last reset
  • The average score is 5 of 12
Answer Stats
Years at Chelsea Years at Porto Player % Correct
2008-2010 1999-2004 Deco
79%
2004-2010 1997-2004 Ricardo Carvalho
76%
2004-2013 2002-2004 Paulo Ferreira
59%
2020-2024 2026-present Thiago Silva
53%
2009 (loan) 2004-2008,2014-2015 Ricardo Quaresma
50%
2008-2012 2003-2008 Jose Bosingwa
47%
2011-2012 2004-2010 Raul Meireles
41%
2006 (loan) 2002-2005 Maniche
35%
2015-2016 (loan) 2009-2011 Radamel Falcao
35%
2020-2024 2020-2021 (loan) Malang Sarr
32%
2006-2014 1996-2004 Henrique Hilario
26%
1979-1982 1984-1985 Petar Borota
12%
No matching quizzes found
Score Distribution
Percent of People with Each Score
Percentile by Number Answered
Your Score History
You have not taken this quiz since the last reset